Modele samochodów - Statystyki

Ogólne statystyki
  • Ten quiz został rozwiązany 877 razy
  • Średni wynik to 21 z 32
Statystyki odpowiedzi
Model Marka % Poprawnych
Civic Honda
93%
Cayenne Porsche
89%
AMG GT Mercedes
88%
TT Audi
87%
i8 BMW
87%
Challenger Dodge
85%
C3 Citroen
84%
Juke Nissan
83%
Urus Lamborghini
82%
Corvette Chevrolet
79%
S-max Ford
79%
Auris Toyota
79%
Touareg Volkswagen
79%
Mokka Opel
77%
XC 60 Volvo
76%
Sandero Dacia
70%
Toledo Seat
69%
206 plus Peugeot
67%
LS Lexus
61%
Continental GT Bentley
60%
Talisman Renault
60%
F150 Ford
57%
ix35 Hyundai
55%
F-pace Jaguar
50%
Grandland X Opel
42%
Freemont Fiat
41%
Compass Jeep
37%
ASX Mitsubishi
35%
QX50 Infiniti
34%
Alto Suzuki
34%
NX Lexus
33%
Musa Lancia
13%
Nie znaleziono quizów pasujących do podanych kryteriów
Rozkład punktacji
Procent ludzi z każdym wynikiem
Percentyl według liczby udzielonych odpowiedzi
Twoja historia wyników
Nie rozwiązałeś tego quizu